000 00447nam a2200181Ia 4500
001 10867
005 20260306161904.0
008 260306t1961||||xx |||||||||||||| ||spa||
041 _aESP
082 _a980
_bH39
100 _aHenriquez Ureña, Pedro
_eAUT
245 0 _aHistoria de la cultura en la América Hispánica
260 _c1961
300 _a173 páginas :
_c17 cm.
650 _aGEN
654 _aCHU
942 _cLIB
_dJUS
_fJUS
_2ddc
_n
999 _c10867
_d10867